书目信息 |
| 题名: |
诗经文化阐释
|
|
| 作者: | 王红进 著 | |
| 分册: | ||
| 出版信息: | 北京 中国广播影视出版社 2016 |
|
| 页数: | 248页 | |
| 开本: | 23cm | |
| 丛书名: | ||
| 单 册: | ||
| 中图分类: | I207.222 | |
| 科图分类: | ||
| 主题词: | ||
| 电子资源: | ||
| ISBN: | 978-7-5043-7748-7 | |
| 000 | 00862nam0 2200229 450 | |
| 001 | 012001004976 | |
| 005 | 20140928155941.0 | |
| 010 | @a978-7-5043-7748-7@dCNY42.00 | |
| 100 | @a20170215d2016 em y0chiy50 ea | |
| 101 | 0 | @achi |
| 102 | @aCN@b110000 | |
| 105 | @ay z 000yy | |
| 106 | @ar | |
| 200 | 1 | @a诗经文化阐释@9shi jing wen hua chan shi@f王红进著 |
| 210 | @a北京@c中国广播影视出版社@d2016 | |
| 215 | @a248页@d23cm | |
| 330 | @a本书拟从祭祀文化、婚恋文化、农事文化、礼乐文化、巫文化等多角度研究《诗经》所反映出的文化现象,诗经时代是中国文化传统趋于定型的时期,可以说,《诗经》中的305篇作品,交织成一幅多层次的、多角度的,反映殷周社会历史与文化的立体画卷。 | |
| 605 | @a《诗经》@x诗歌研究 | |
| 690 | @aI207.222@v5 | |
| 701 | 0 | @a王红进@9wang hong jin@c(女,@f1969~)@4著 |
| 801 | 0 | @aCN@b上海新华@c20180901 |
| 905 | @b1172039-43@dI207.222@e1147@f5 | |
| 诗经文化阐释/王红进著.-北京:中国广播影视出版社,2016 |
| 248页;23cm |
| ISBN 978-7-5043-7748-7:CNY42.00 |
| 本书拟从祭祀文化、婚恋文化、农事文化、礼乐文化、巫文化等多角度研究《诗经》所反映出的文化现象,诗经时代是中国文化传统趋于定型的时期,可以说,《诗经》中的305篇作品,交织成一幅多层次的、多角度的,反映殷周社会历史与文化的立体画卷。 |
| ● |
| 相关链接 |
|
|
|
|
正题名:诗经文化阐释
索取号:I207.222/1147
 
预约/预借
| 序号 | 登录号 | 条形码 | 馆藏地/架位号 | 状态 | 备注 |
| 1 | 1172039 | 211720397 | 第一样本阅览室/ [索取号:I207.222/1147] | 在馆 | |
| 2 | 1172040 | 211720404 | 密集书库-文学院/ [索取号:I207.222/1147] | 在馆 | |
| 3 | 1172041 | 211720413 | 第二借阅区/ [索取号:I207.222/1147] | 在馆 | |
| 4 | 1172042 | 211720422 | 第二借阅区/ [索取号:I207.222/1147] | 在馆 | |
| 5 | 1172043 | 211720431 | 第二借阅区/ [索取号:I207.222/1147] | 在馆 |